[Event "68th POL-ch (w)"]
[Site "Poznan POL"]
[Date "2016.04.02"]
[Round "4"]
[White "Wozniak, Mariola"]
[Black "Rajlich, Iweta"]
[Result "1-0"]
[WhiteElo "2154"]
[BlackElo "2389"]
[EventDate "2016.03.30"]
[PlyCount "85"]
[EventType "tourn"]
[EventRounds "9"]
[EventCountry "POL"]
[EventCategory "4"]
[SourceTitle "CBM 171 Extra"]
[Source "ChessBase"]
[SourceDate "2016.04.26"]
[SourceVersion "1"]
[SourceVersionDate "2016.04.26"]
[SourceQuality "1"]

1.e4 e6 2.d4 d5 3.Nc3 Bb4 4.e5 c5 5.a3 Bxc3+ 6.bxc3 Qc7 7.Qg4 g6 8.Bd2 Bd7
9.Nf3 cxd4 10.cxd4 Qxc2 11.Rc1 Qe4+ 12.Qxe4 dxe4 13.Ng5 Bc6 14.f3 exf3 15.
gxf3 h6 16.Ne4 Kf8 17.Kf2 a5 18.Nd6 Ne7 19.Nc4 Kg7 20.Nb6 Ra7 21.Bd3 Rd8 
22.Be3 Nd5 23.Nxd5 Bxd5 24.Rc7 Na6 25.Bxh6+ Kxh6 26.Rxf7 Nb4 27.axb4 axb4 
28.h4 Ra3 29.Ke2 Rxd3 30.Kxd3 Ra8 31.Rc1 Ra3+ 32.Ke2 Ra2+ 33.Ke3 Ra3+ 34.
Kf2 Bc6 35.d5 exd5 36.e6 d4 37.e7 Ra2+ 38.Kf1 Bb5+ 39.Kg1 Re2 40.Rc7 g5 
41.Rf6+ Kh5 42.e8=Q+ Rxe8 43.Rh7# 1-0

[Event "68th POL-ch (w)"]
[Site "Poznan POL"]
[Date "2016.04.03"]
[Round "5"]
[White "Harazinska, Ewa"]
[Black "Kulon, Klaudia"]
[Result "1-0"]
[WhiteElo "2310"]
[BlackElo "2298"]
[EventDate "2016.03.30"]
[PlyCount "93"]
[EventType "tourn"]
[EventRounds "9"]
[EventCountry "POL"]
[EventCategory "4"]
[SourceTitle "CBM 171 Extra"]
[Source "ChessBase"]
[SourceDate "2016.04.26"]
[SourceVersion "1"]
[SourceVersionDate "2016.04.26"]
[SourceQuality "1"]

1.d4 f5 2.c4 Nf6 3.Nf3 g6 4.g3 Bg7 5.Bg2 O-O 6.O-O d6 7.Nc3 c6 8.Re1 Ne4 
9.Qc2 Qa5 10.b4 Qxb4 11.Nxe4 fxe4 12.Bd2 Qa3 13.Qxe4 e5 14.dxe5 dxe5 15.c5
Be6 16.Ng5 Bd5 17.Qh4 h5 18.Bxd5+ cxd5 19.Ne6 Nc6 20.Nxf8 Rxf8 21.Qg5 Kh7 
22.Qe3 Qa4 23.Qb3 Qg4 24.Qxb7 Rf6 25.Rac1 h4 26.Qb3 d4 27.Qd5 e4 28.Qg5 
Qe6 29.Qxh4+ Kg8 30.Bh6 Bh8 31.Rb1 Rf7 32.Bg5 Qd5 33.Qg4 Be5 34.Bh6 Ne7 
35.Bg5 Nc6 36.Bh6 Ne7 37.Rec1 Qc6 38.Bg5 Nf5 39.Bf4 e3 40.f3 Bxf4 41.Qxf4 
d3 42.Rb8+ Kh7 43.exd3 Re7 44.g4 e2 45.gxf5 Qxc5+ 46.Kg2 g5 47.Qg4 1-0

[Event "68th POL-ch (w)"]
[Site "Poznan POL"]
[Date "2016.04.03"]
[Round "5"]
[White "Kantane, Anna"]
[Black "Szczepkowska-Horowska, Karina"]
[Result "1-0"]
[WhiteElo "2310"]
[BlackElo "2403"]
[EventDate "2016.03.30"]
[PlyCount "107"]
[EventType "tourn"]
[EventRounds "9"]
[EventCountry "POL"]
[EventCategory "4"]
[SourceTitle "CBM 171 Extra"]
[Source "ChessBase"]
[SourceDate "2016.04.26"]
[SourceVersion "1"]
[SourceVersionDate "2016.04.26"]
[SourceQuality "1"]

1.e4 c5 2.Nf3 d6 3.d4 cxd4 4.Nxd4 Nf6 5.Nc3 Bd7 6.Bg5 e6 7.Qd2 a6 8.O-O-O 
b5 9.f3 Be7 10.h4 h6 11.Be3 b4 12.Nce2 e5 13.Nf5 Bxf5 14.exf5 d5 15.f4 e4 
16.Bd4 Nbd7 17.g4 Nxg4 18.Bxg7 Rg8 19.Bd4 Rc8 20.Kb1 Qc7 21.Rg1 Bxh4 22.c3
b3 23.axb3 Be7 24.Nc1 Ra8 25.c4 Qb7 26.Qe2 h5 27.cxd5 Nc5 28.Bc3 Bd6 29.b4
Na4 30.Qxe4+ Kd7 31.Qc2 Nxc3+ 32.bxc3 Ne3 33.Qa4+ Kc7 34.Rxg8 Rxg8 35.Re1 
Nxd5 36.Kb2 Qb6 37.Qxa6 Qxa6 38.Bxa6 Bxf4 39.Rd1 Ne3 40.Rh1 Be5 41.Rxh5 
Nd1+ 42.Kb3 Nxc3 43.Nd3 Bf6 44.Rh7 Kb6 45.Rxf7 Ne4 46.Bb7 Nd2+ 47.Kc2 Bg5 
48.Bd5 Rc8+ 49.Nc5 Rxc5+ 50.bxc5+ Kxc5 51.Rd7 Nf1 52.Kd3 Bf6 53.Bf3 Ng3 
54.Rd5+ 1-0

[Event "68th POL-ch (w)"]
[Site "Poznan POL"]
[Date "2016.04.03"]
[Round "5"]
[White "Rajlich, Iweta"]
[Black "Kiolbasa, Oliwia"]
[Result "1/2-1/2"]
[WhiteElo "2389"]
[BlackElo "2348"]
[EventDate "2016.03.30"]
[PlyCount "80"]
[EventType "tourn"]
[EventRounds "9"]
[EventCountry "POL"]
[EventCategory "4"]
[SourceTitle "CBM 171 Extra"]
[Source "ChessBase"]
[SourceDate "2016.04.26"]
[SourceVersion "1"]
[SourceVersionDate "2016.04.26"]
[SourceQuality "1"]

1.d4 Nf6 2.Nf3 d5 3.g3 c6 4.Bg2 Bf5 5.O-O e6 6.c4 h6 7.Nc3 Nbd7 8.b3 Be7 
9.Bb2 O-O 10.Nd2 a5 11.Re1 Qb6 12.c5 Qc7 13.Rc1 Rfd8 14.Na4 Ne4 15.f3 Nxd2
16.Qxd2 Bg6 17.Qf4 e5 18.dxe5 b5 19.cxb6 Nxb6 20.e6 Qxf4 21.gxf4 Nxa4 22.
exf7+ Bxf7 23.bxa4 c5 24.Ba3 Rac8 25.e3 Bh4 26.Re2 d4 27.exd4 cxd4 28.Rxc8
Rxc8 29.Bf1 Rd8 30.Rd2 Be1 31.Rd1 Bc3 32.Bb5 Bxa2 33.Be7 Rc8 34.Kh1 Bc4 
35.Bd6 Bxb5 36.axb5 Rd8 37.Be5 Rd5 38.b6 Rb5 39.Bxd4 Bxd4 40.Rxd4 Rxb6 
1/2-1/2

[Event "68th POL-ch (w)"]
[Site "Poznan POL"]
[Date "2016.04.03"]
[Round "5"]
[White "Socko, Monika"]
[Black "Wozniak, Mariola"]
[Result "1/2-1/2"]
[WhiteElo "2461"]
[BlackElo "2154"]
[EventDate "2016.03.30"]
[PlyCount "87"]
[EventType "tourn"]
[EventRounds "9"]
[EventCountry "POL"]
[EventCategory "4"]
[SourceTitle "CBM 171 Extra"]
[Source "ChessBase"]
[SourceDate "2016.04.26"]
[SourceVersion "1"]
[SourceVersionDate "2016.04.26"]
[SourceQuality "1"]

1.e4 c5 2.Nf3 e6 3.g3 Nc6 4.Bg2 Nf6 5.Nc3 d5 6.exd5 exd5 7.d4 Bg4 8.Ne2 
cxd4 9.Nexd4 Bc5 10.Nxc6 bxc6 11.O-O O-O 12.h3 Bd7 13.Ne5 Re8 14.Bf4 Qb6 
15.Nxd7 Nxd7 16.c4 Nf6 17.Rc1 Ne4 18.Qc2 Bd4 19.Rcd1 h6 20.cxd5 cxd5 21.
Bc7 Qf6 22.Bf4 Rac8 23.Qd3 Bxf2+ 24.Kh2 g5 25.Qxd5 gxf4 26.Bxe4 fxg3+ 27.
Kh1 Rc5 28.Qxc5 Rxe4 29.Qc8+ Kh7 30.Qc3 Qe6 31.Kg2 Re2 32.Qd3+ Kg8 33.Rxf2
Rxf2+ 34.Kxg3 Rxb2 35.Qd8+ Kh7 36.Qd3+ Qg6+ 37.Qxg6+ Kxg6 38.Rd6+ Kg5 39.
h4+ Kh5 40.Ra6 Rb7 41.Ra5+ Kg6 42.Ra6+ Kh5 43.Ra5+ Kg6 44.Ra6+ 1/2-1/2

[Event "68th POL-ch (w)"]
[Site "Poznan POL"]
[Date "2016.04.03"]
[Round "5"]
[White "Zawadzka, Jolanta"]
[Black "Majdan-Gajewska, Joanna"]
[Result "1-0"]
[WhiteElo "2432"]
[BlackElo "2380"]
[EventDate "2016.03.30"]
[PlyCount "63"]
[EventType "tourn"]
[EventRounds "9"]
[EventCountry "POL"]
[EventCategory "4"]
[SourceTitle "CBM 171 Extra"]
[Source "ChessBase"]
[SourceDate "2016.04.26"]
[SourceVersion "1"]
[SourceVersionDate "2016.04.26"]
[SourceQuality "1"]

1.e4 c5 2.Nf3 Nc6 3.d4 cxd4 4.Nxd4 Nf6 5.Nc3 d6 6.Bg5 Bd7 7.Nb3 Rc8 8.Be2 
a6 9.Bxf6 gxf6 10.O-O Rg8 11.Kh1 Na5 12.f4 Nxb3 13.axb3 f5 14.Bf3 fxe4 15.
Bxe4 Bc6 16.Qh5 h6 17.Rae1 Bg7 18.Nd5 e6 19.f5 e5 20.f6 Bf8 21.c4 Rg5 22.
Qf3 Bd7 23.Qe3 Be6 24.Rd1 Rc5 25.Nc3 b5 26.Bd5 Rg6 27.Ne4 Rc7 28.Qb6 bxc4 
29.Bxe6 fxe6 30.f7+ Ke7 31.Rxd6 Qc8 32.Rdd1 1-0

[Event "68th POL-ch (w)"]
[Site "Poznan POL"]
[Date "2016.04.04"]
[Round "6"]
[White "Szczepkowska-Horowska, Karina"]
[Black "Zawadzka, Jolanta"]
[Result "1-0"]
[WhiteElo "2403"]
[BlackElo "2432"]
[EventDate "2016.03.30"]
[PlyCount "147"]
[EventType "tourn"]
[EventRounds "9"]
[EventCountry "POL"]
[EventCategory "4"]
[SourceTitle "CBM 171 Extra"]
[Source "ChessBase"]
[SourceDate "2016.04.26"]
[SourceVersion "1"]
[SourceVersionDate "2016.04.26"]
[SourceQuality "1"]

1.d4 d5 2.c4 c6 3.Nf3 Nf6 4.Nc3 e6 5.e3 Nbd7 6.Qc2 Bd6 7.Bd3 O-O 8.O-O 
dxc4 9.Bxc4 e5 10.Bb3 h6 11.Rd1 Qc7 12.dxe5 Nxe5 13.Nd4 Kh8 14.f4 Ng6 15.
h3 a6 16.Ne4 Nxe4 17.Qxe4 c5 18.Nf3 f5 19.Qd5 Be7 20.Bd2 Bd7 21.Bc3 Rad8 
22.Ne5 Nxe5 23.Bxe5 Qb6 24.Qf3 Qg6 25.Bd5 b6 26.Bb7 Bb5 27.e4 Bc6 28.Bxc6 
Qxc6 29.Qg3 Bf6 30.exf5 c4 31.Kh2 b5 32.Qe3 b4 33.Rxd8 Rxd8 34.Rc1 Rc8 35.
Qd4 a5 36.Rc2 c3 37.bxc3 bxc3 38.Qe3 Qd7 39.Rxc3 Qxf5 40.Rxc8+ Qxc8 41.
Bxf6 gxf6 42.Qe4 Qc7 43.Kg3 Kg7 44.a4 Qc3+ 45.Kg4 Qb4 46.Qc6 Qd2 47.Qb7+ 
Kf8 48.Kf5 Qc3 49.g4 Qd3+ 50.Kxf6 Qd4+ 51.Kg6 Qxf4 52.Qc8+ Ke7 53.Qc5+ Ke8
54.Qxa5 Qf7+ 55.Kxh6 Qf6+ 56.Kh5 Qh8+ 57.Kg5 Qxh3 58.Qe5+ Kf7 59.Qf6+ Ke8 
60.Qe6+ Kd8 61.a5 Qa3 62.a6 Qc5+ 63.Kg6 Qc2+ 64.Qf5 Qa4 65.a7 Kc7 66.Qf7+ 
Kb6 67.g5 Qe4+ 68.Kg7 Qg2 69.g6 Qe4 70.Qd7 Qf3 71.Qe6+ Kc5 72.Qc8+ Kb6 73.
Qb8+ Kc5 74.Qf8+ 1-0

[Event "68th POL-ch (w)"]
[Site "Poznan POL"]
[Date "2016.04.04"]
[Round "6"]
[White "Kiolbasa, Oliwia"]
[Black "Kulon, Klaudia"]
[Result "1/2-1/2"]
[WhiteElo "2348"]
[BlackElo "2298"]
[EventDate "2016.03.30"]
[PlyCount "116"]
[EventType "tourn"]
[EventRounds "9"]
[EventCountry "POL"]
[EventCategory "4"]
[SourceTitle "CBM 171 Extra"]
[Source "ChessBase"]
[SourceDate "2016.04.26"]
[SourceVersion "1"]
[SourceVersionDate "2016.04.26"]
[SourceQuality "1"]

1.e4 c5 2.Nf3 Nc6 3.d4 cxd4 4.Nxd4 Nf6 5.Nc3 d6 6.Bg5 e6 7.Qd2 a6 8.O-O-O 
Bd7 9.f4 h6 10.Bh4 g5 11.fxg5 Ng4 12.Nxc6 Bxc6 13.Kb1 Ne5 14.Be2 b5 15.a3 
Be7 16.Bg3 hxg5 17.Qd4 Qc7 18.Rhf1 f6 19.Bd3 Qb7 20.Ne2 a5 21.Qf2 b4 22.
axb4 axb4 23.Nd4 Qa7 24.Kc1 Qa1+ 25.Kd2 Qxb2 26.Bxe5 dxe5 27.Nxc6 Qc3+ 28.
Ke2 Qxc6 29.Ra1 Kf7 30.Rxa8 Rxa8 31.Rb1 Ra2 32.Kf1 Bc5 33.Qe2 Qd6 34.Qf3 
Qd4 35.Ke2 Qc3 36.Rf1 Be7 37.Qh5+ Kg7 38.Qe8 Qc5 39.h4 b3 40.h5 Rxc2+ 41.
Kf3 g4+ 42.Kxg4 Rxg2+ 43.Kf3 Rg5 44.h6+ Kh7 45.Qf7+ Kh8 46.Ra1 Rg8 47.Ra8 
Qg1 48.Rxg8+ Qxg8 49.Qxe7 Qg5 50.Qxe6 Qf4+ 51.Ke2 b2 52.Qc8+ Kh7 53.Qf5+ 
Qxf5 54.exf5 Kxh6 55.Kf3 Kg5 56.Kg3 Kh5 57.Kh3 Kg5 58.Kg3 Kh5 1/2-1/2

[Event "68th POL-ch (w)"]
[Site "Poznan POL"]
[Date "2016.04.04"]
[Round "6"]
[White "Majdan-Gajewska, Joanna"]
[Black "Harazinska, Ewa"]
[Result "0-1"]
[WhiteElo "2380"]
[BlackElo "2310"]
[EventDate "2016.03.30"]
[PlyCount "162"]
[EventType "tourn"]
[EventRounds "9"]
[EventCountry "POL"]
[EventCategory "4"]
[SourceTitle "CBM 171 Extra"]
[Source "ChessBase"]
[SourceDate "2016.04.26"]
[SourceVersion "1"]
[SourceVersionDate "2016.04.26"]
[SourceQuality "1"]

1.e4 e5 2.Nf3 Nf6 3.Nxe5 Nxe4 4.Qe2 Qe7 5.Qxe4 d6 6.d4 dxe5 7.dxe5 Nc6 8.
Nc3 Qxe5 9.Qxe5+ Nxe5 10.Bf4 Bd6 11.Bg3 f6 12.O-O-O Bd7 13.Nb5 Bxb5 14.
Bxb5+ Kf7 15.f4 Ng6 16.Bc4+ Kf8 17.Rhf1 Re8 18.Bd5 b6 19.Bc6 Re7 20.Rd4 
Kf7 21.Bd5+ Ke8 22.b4 Kd7 23.Bb7 Rb8 24.Be4 Rd8 25.Bf5+ Kc6 26.Rfd1 Kb7 
27.Be4+ Kc8 28.Bc6 f5 29.h4 Re3 30.Bf3 Nf8 31.Bf2 Re7 32.g3 Nd7 33.Kb2 Nf6
34.Bc6 Re2 35.Be1 Ne4 36.b5 Re3 37.Bb4 Rxg3 38.Bxd6 Rxd6 39.Bxe4 fxe4 40.
Rxd6 cxd6 41.Rd4 e3 42.Rxd6 Rh3 43.Re6 Kd7 44.Re4 Rxh4 45.Rxe3 Rxf4 46.Ra3
Rg4 47.Rxa7+ Kd6 48.a4 h5 49.Rb7 Rxa4 50.Rxg7 Rb4+ 51.Kc3 Rxb5 52.Kd4 Rb4+
53.c4 h4 54.Rg6+ Ke7 55.Kc3 Rb1 56.Kc2 Ra1 57.Rxb6 h3 58.Kb2 h2 59.Kxa1 
h1=Q+ 60.Kb2 Qg1 61.Rb4 Kd6 62.Kb3 Qe3+ 63.Ka4 Kc5 64.Rb5+ Kxc4 65.Rb4+ 
Kc5 66.Rb5+ Kc6 67.Rb4 Qc3 68.Rb6+ Kc7 69.Rb4 Qd3 70.Ka5 Kc6 71.Rc4+ Kd5 
72.Rc8 Qa3+ 73.Kb6 Qb4+ 74.Kc7 Qc5+ 75.Kb7 Qb5+ 76.Ka7 Qd7+ 77.Kb8 Kd6 78.
Rf8 Qb5+ 79.Ka7 Qa4+ 80.Kb6 Qb3+ 81.Ka6 Kc7 0-1

[Event "68th POL-ch (w)"]
[Site "Poznan POL"]
[Date "2016.04.04"]
[Round "6"]
[White "Rajlich, Iweta"]
[Black "Socko, Monika"]
[Result "1-0"]
[WhiteElo "2389"]
[BlackElo "2461"]
[EventDate "2016.03.30"]
[PlyCount "101"]
[EventType "tourn"]
[EventRounds "9"]
[EventCountry "POL"]
[EventCategory "4"]
[SourceTitle "CBM 171 Extra"]
[Source "ChessBase"]
[SourceDate "2016.04.26"]
[SourceVersion "1"]
[SourceVersionDate "2016.04.26"]
[SourceQuality "1"]

1.d4 Nf6 2.Nf3 d5 3.g3 Bg4 4.Ne5 Bf5 5.f3 h6 6.Bg2 e6 7.O-O Be7 8.e4 Bh7 
9.Nc3 O-O 10.exd5 exd5 11.f4 c5 12.Be3 cxd4 13.Bxd4 Nc6 14.Nxc6 bxc6 15.f5
Rb8 16.Rb1 Qd7 17.Qd3 Rb4 18.Ne2 Rfb8 19.b3 Rd8 20.c3 Rbb8 21.Rbd1 a5 22.
h3 a4 23.b4 c5 24.bxc5 Rb2 25.c4 dxc4 26.Qxc4 Qb5 27.Qxb5 Rxb5 28.g4 g6 
29.Nc3 Rxd4 30.Rxd4 Rxc5 31.Nd5 Nxd5 32.Rxd5 gxf5 33.gxf5 Kg7 34.Rxc5 
Bxc5+ 35.Kh1 Kf6 36.Bb7 Ke5 37.Bc8 h5 38.Kg2 a3 39.Kg3 Be7 40.Re1+ Kd6 41.
Kf4 Bf6 42.Rd1+ Ke7 43.Rd7+ Kf8 44.Ra7 Be7 45.Ke5 Bc5 46.Rb7 Kg7 47.f6+ 
Kg8 48.Rb8 Bg6 49.Bf5+ Kh7 50.Bxg6+ fxg6 51.Kd5 1-0

[Event "68th POL-ch (w)"]
[Site "Poznan POL"]
[Date "2016.04.04"]
[Round "6"]
[White "Wozniak, Mariola"]
[Black "Kantane, Anna"]
[Result "1-0"]
[WhiteElo "2154"]
[BlackElo "2310"]
[EventDate "2016.03.30"]
[PlyCount "69"]
[EventType "tourn"]
[EventRounds "9"]
[EventCountry "POL"]
[EventCategory "4"]
[SourceTitle "CBM 171 Extra"]
[Source "ChessBase"]
[SourceDate "2016.04.26"]
[SourceVersion "1"]
[SourceVersionDate "2016.04.26"]
[SourceQuality "1"]

1.e4 e5 2.Nf3 Nc6 3.Nc3 Nf6 4.d4 exd4 5.Nxd4 Bb4 6.Nxc6 bxc6 7.Bd3 d5 8.
exd5 O-O 9.O-O cxd5 10.h3 c6 11.Qf3 Re8 12.Bf4 Bd6 13.Rfe1 Be6 14.Ne2 Rb8 
15.b3 a5 16.c3 Qc7 17.Rad1 c5 18.Bc2 Bd7 19.Bg5 Ne4 20.Rxd5 Nxg5 21.Rxg5 
Be7 22.Rh5 g6 23.Rxh7 Rf8 24.Nf4 Rbe8 25.Nxg6 Bf6 26.Ne7+ Rxe7 27.Rxe7 
Bxe7 28.Qh5 Qd6 29.Rh8+ Kg7 30.Qh7+ Kf6 31.Qh6+ Ke5 32.Qe3+ Kf6 33.Rh6+ 
Kg7 34.Rxd6 Bxd6 35.Qg5+ 1-0

[Event "68th POL-ch (w)"]
[Site "Poznan POL"]
[Date "2016.04.05"]
[Round "7"]
[White "Harazinska, Ewa"]
[Black "Szczepkowska-Horowska, Karina"]
[Result "0-1"]
[WhiteElo "2310"]
[BlackElo "2403"]
[EventDate "2016.03.30"]
[PlyCount "188"]
[EventType "tourn"]
[EventRounds "9"]
[EventCountry "POL"]
[EventCategory "4"]
[SourceTitle "CBM 171 Extra"]
[Source "ChessBase"]
[SourceDate "2016.04.26"]
[SourceVersion "1"]
[SourceVersionDate "2016.04.26"]
[SourceQuality "1"]

1.d4 Nf6 2.c4 Nc6 3.Nf3 e6 4.a3 d6 5.Nc3 g6 6.e4 Bg7 7.Bg5 h6 8.Bh4 g5 9.
Bg3 Nh5 10.d5 Nxg3 11.hxg3 Ne5 12.dxe6 Nxf3+ 13.Qxf3 Bxe6 14.O-O-O c6 15.
c5 Qa5 16.cxd6 O-O-O 17.Kb1 Rd7 18.Qe3 Be5 19.f4 Bxd6 20.Be2 Bc5 21.Qc1 
Rxd1 22.Rxd1 Bf2 23.Nb5 Kb8 24.Nd4 Bd7 25.Nb3 Qc7 26.Qc3 Re8 27.Qf3 Be6 
28.Nd4 Bxd4 29.Rxd4 c5 30.Rd1 Qb6 31.e5 c4 32.f5 c3 33.Qxc3 Bxf5+ 34.Ka1 
Rc8 35.Qf3 Rc2 36.Rb1 Be6 37.Bd1 Rc8 38.Qe4 a6 39.g4 Ka7 40.b3 Qc5 41.Ka2 
Rd8 42.Bf3 Rd2+ 43.Rb2 Bd5 44.Qb1 Qc3 45.Bxd5 Rxd5 46.Qh7 Rd2 47.Rxd2 
Qxd2+ 48.Kb1 Qe1+ 49.Ka2 Qf2+ 50.Kb1 Qf1+ 51.Ka2 Qxg2+ 52.Kb1 Qf1+ 53.Ka2 
Qe2+ 54.Kb1 Qd1+ 55.Ka2 Qd2+ 56.Kb1 Qd5 57.Ka2 a5 58.a4 Qxe5 59.Qxf7 Qe2+ 
60.Kb1 Qd1+ 61.Kb2 Qe2+ 62.Kb1 Qxg4 63.Qf2+ Kb8 64.Qf8+ Qc8 65.Qxh6 g4 66.
Qf4+ Ka8 67.Qe5 Qd8 68.Kc2 Qb6 69.Qg5 Qc7+ 70.Kb2 g3 71.Qg8+ Ka7 72.Qg5 b6
73.Qg4 Qd6 74.Qg7+ Ka6 75.Qg4 Qd2+ 76.Kb1 Qc3 77.Qg8 Qe1+ 78.Kc2 Qe4+ 79.
Kd2 g2 80.Qc8+ Qb7 81.Qg8 Qc7 82.Ke2 Qc2+ 83.Kf3 g1=N+ 84.Kf4 Qc7+ 85.Ke4 
Qc6+ 86.Kd3 Nf3 87.Ke3 Ne5 88.Kd2 Nd7 89.Qe8 Kb7 90.Qf7 Kc7 91.Qg8 Nf6 92.
Qh8 Ne4+ 93.Kd1 Qd5+ 94.Ke2 Qh5+ 0-1

[Event "68th POL-ch (w)"]
[Site "Poznan POL"]
[Date "2016.04.05"]
[Round "7"]
[White "Kantane, Anna"]
[Black "Rajlich, Iweta"]
[Result "1-0"]
[WhiteElo "2310"]
[BlackElo "2389"]
[EventDate "2016.03.30"]
[PlyCount "123"]
[EventType "tourn"]
[EventRounds "9"]
[EventCountry "POL"]
[EventCategory "4"]
[SourceTitle "CBM 171 Extra"]
[Source "ChessBase"]
[SourceDate "2016.04.26"]
[SourceVersion "1"]
[SourceVersionDate "2016.04.26"]
[SourceQuality "1"]

1.e4 e6 2.c4 c5 3.Nc3 d6 4.Nf3 Nc6 5.d4 cxd4 6.Nxd4 Nf6 7.Be2 Be7 8.O-O 
Nxd4 9.Qxd4 Bd7 10.a4 O-O 11.Be3 Bc6 12.b4 a5 13.b5 e5 14.Qd3 Bd7 15.b6 
Bc6 16.Rfd1 Qd7 17.h3 h6 18.Qb1 Rfd8 19.Ra2 Qe8 20.g3 Bf8 21.Kh2 Rdc8 22.
Bd3 h5 23.Bg5 Nh7 24.Be3 h4 25.gxh4 Qe7 26.Rg1 Qxh4 27.Rg4 Qd8 28.Qg1 Bd7 
29.Rg3 Qh4 30.f3 Kh8 31.Rag2 g5 32.Nd5 Bh6 33.Kh1 Rg8 34.Rh2 Rae8 35.Bf2 
Qh5 36.Qa1 f6 37.Qa3 Bf8 38.Qc3 Bxa4 39.Qxa5 Bd7 40.Qa3 Qf7 41.Be1 Be7 42.
Ra2 Rd8 43.Qc1 Rb8 44.Bb4 Bc6 45.Nc7 Rgd8 46.Rh2 Bd7 47.h4 Rg8 48.c5 gxh4 
49.Bc4 d5 50.Bxd5 Qh5 51.Bxg8 Rxg8 52.Rxg8+ Kxg8 53.Qd1 Ng5 54.c6 Bxc6 55.
Bxe7 Kf7 56.Bb4 h3 57.Nd5 Nxe4 58.Qb3 Ng3+ 59.Kg1 Kg7 60.Ne7 Qh7 61.Rxh3 
Ne2+ 62.Kf2 1-0

[Event "68th POL-ch (w)"]
[Site "Poznan POL"]
[Date "2016.04.05"]
[Round "7"]
[White "Kulon, Klaudia"]
[Black "Majdan-Gajewska, Joanna"]
[Result "1-0"]
[WhiteElo "2298"]
[BlackElo "2380"]
[EventDate "2016.03.30"]
[PlyCount "81"]
[EventType "tourn"]
[EventRounds "9"]
[EventCountry "POL"]
[EventCategory "4"]
[SourceTitle "CBM 171 Extra"]
[Source "ChessBase"]
[SourceDate "2016.04.26"]
[SourceVersion "1"]
[SourceVersionDate "2016.04.26"]
[SourceQuality "1"]

1.c4 e5 2.g3 Nf6 3.Nc3 d5 4.cxd5 Nxd5 5.Bg2 Nb6 6.Nf3 Nc6 7.a3 Be7 8.b4 
O-O 9.O-O Be6 10.d3 f6 11.Bb2 a5 12.b5 Nd4 13.Nxd4 exd4 14.Nb1 Bd5 15.Nd2 
Bxg2 16.Kxg2 f5 17.Nf3 Bf6 18.Rc1 Qd7 19.Qb3+ Kh8 20.Rc5 Rae8 21.Qc2 Rf7 
22.Rc1 Ree7 23.Qd2 Nd5 24.Bxd4 Bxd4 25.Nxd4 b6 26.Rc6 f4 27.Nf3 fxg3 28.
hxg3 Rf5 29.Rh1 Ref7 30.a4 Ne7 31.Rc4 Ng6 32.Rd4 Qc8 33.Re4 Qf8 34.Qe3 Ne7
35.Qd4 Rd5 36.Qb2 Kg8 37.Rf1 h6 38.Qb3 Rdf5 39.Ne5 Kh7 40.Nxf7 Rxf7 41.Qe6
1-0

[Event "68th POL-ch (w)"]
[Site "Poznan POL"]
[Date "2016.04.05"]
[Round "7"]
[White "Socko, Monika"]
[Black "Kiolbasa, Oliwia"]
[Result "1-0"]
[WhiteElo "2461"]
[BlackElo "2348"]
[EventDate "2016.03.30"]
[PlyCount "135"]
[EventType "tourn"]
[EventRounds "9"]
[EventCountry "POL"]
[EventCategory "4"]
[SourceTitle "CBM 171 Extra"]
[Source "ChessBase"]
[SourceDate "2016.04.26"]
[SourceVersion "1"]
[SourceVersionDate "2016.04.26"]
[SourceQuality "1"]

1.d4 Nf6 2.c4 c5 3.d5 b5 4.cxb5 a6 5.bxa6 Bxa6 6.Nc3 d6 7.Nf3 g6 8.e4 Bxf1
9.Kxf1 Bg7 10.g3 O-O 11.Kg2 Na6 12.Qe2 Qa5 13.Rd1 Nd7 14.Bg5 Rfe8 15.Rac1 
Nc7 16.a3 Rab8 17.Rc2 Nb5 18.Nxb5 Qxb5 19.Qxb5 Rxb5 20.Rb1 h6 21.Be3 Ra8 
22.Nd2 Ne5 23.b4 Rab8 24.Nb3 f5 25.f3 fxe4 26.fxe4 Ng4 27.Bg1 Be5 28.Rcc1 
Kf7 29.Rc4 Nf6 30.Nd2 e6 31.dxe6+ Kxe6 32.h3 Nd7 33.Be3 g5 34.Nb3 Nb6 35.
Rc2 Nd7 36.Bd2 cxb4 37.Bxb4 Nc5 38.Rc4 Nd3 39.Nd4+ Bxd4 40.Rxd4 Nxb4 41.
Rdxb4 Rxb4 42.axb4 d5 43.Kf3 Ke5 44.exd5 Kxd5 45.b5 Rb6 46.Kg4 Ke5 47.Rf1 
Ke4 48.Re1+ Kd5 49.Kh5 Kd4 50.g4 Kd5 51.Re2 Kd4 52.Re7 Rxb5 53.Kxh6 Rb3 
54.Kxg5 Rxh3 55.Kg6 Kd5 56.g5 Kd6 57.Re4 Ra3 58.Kg7 Ra7+ 59.Kf6 Ra2 60.
Rd4+ Kc5 61.Rd1 Ra6+ 62.Kf5 Ra2 63.g6 Rf2+ 64.Ke6 Rg2 65.Kf7 Rf2+ 66.Kg8 
Rg2 67.g7 Rg3 68.Rh1 1-0

[Event "68th POL-ch (w)"]
[Site "Poznan POL"]
[Date "2016.04.05"]
[Round "7"]
[White "Zawadzka, Jolanta"]
[Black "Wozniak, Mariola"]
[Result "1-0"]
[WhiteElo "2432"]
[BlackElo "2154"]
[EventDate "2016.03.30"]
[PlyCount "59"]
[EventType "tourn"]
[EventRounds "9"]
[EventCountry "POL"]
[EventCategory "4"]
[SourceTitle "CBM 171 Extra"]
[Source "ChessBase"]
[SourceDate "2016.04.26"]
[SourceVersion "1"]
[SourceVersionDate "2016.04.26"]
[SourceQuality "1"]

1.e4 c5 2.Nf3 e6 3.d4 cxd4 4.Nxd4 a6 5.Bd3 Qc7 6.Qe2 d6 7.Be3 Nf6 8.Nd2 
Nbd7 9.a4 b6 10.O-O Be7 11.a5 bxa5 12.N4b3 O-O 13.Nxa5 d5 14.c3 Nc5 15.
Bxc5 Bxc5 16.e5 Nd7 17.Nf3 f6 18.exf6 Rxf6 19.Ng5 Rh6 20.g3 e5 21.Rfe1 Rb8
22.b4 Ba7 23.Bf5 Nf6 24.Qxe5 Qxe5 25.Rxe5 Bxf5 26.Rxf5 Rh5 27.Nc6 Rb7 28.
Rxa6 Bxf2+ 29.Rxf2 Rxg5 30.Ra8+ 1-0

[Event "68th POL-ch (w)"]
[Site "Poznan POL"]
[Date "2016.04.06"]
[Round "8"]
[White "Szczepkowska-Horowska, Karina"]
[Black "Kulon, Klaudia"]
[Result "1/2-1/2"]
[WhiteElo "2403"]
[BlackElo "2298"]
[EventDate "2016.03.30"]
[PlyCount "140"]
[EventType "tourn"]
[EventRounds "9"]
[EventCountry "POL"]
[EventCategory "4"]
[SourceTitle "CBM 171 Extra"]
[Source "ChessBase"]
[SourceDate "2016.04.26"]
[SourceVersion "1"]
[SourceVersionDate "2016.04.26"]
[SourceQuality "1"]

1.d4 Nf6 2.c4 g6 3.Nc3 Bg7 4.e4 O-O 5.Bd3 d6 6.Nge2 e5 7.d5 a5 8.h3 Na6 9.
Be3 h6 10.a3 Bd7 11.Bc2 Kh7 12.Qd2 a4 13.g4 Qe8 14.Ng3 Ng8 15.f3 Nc5 16.h4
Kh8 17.h5 f5 18.exf5 gxf5 19.Bxc5 dxc5 20.Nxf5 Bxf5 21.Bxf5 e4 22.O-O-O 
exf3 23.Rde1 Qd8 24.Rhf1 Qh4 25.Kb1 Rae8 26.Rxe8 Rxe8 27.Bc2 Nf6 28.Bxa4 
Qh3 29.Rf2 Re7 30.Bc2 Qxg4 31.Qd3 Qg1+ 32.Nd1 Qg4 33.Rxf3 Qxh5 34.Ka2 Kg8 
35.Nc3 Qe5 36.Qf1 Qd4 37.Qh3 Qg4 38.Qf1 Qd4 39.Qg2 Qh4 40.Qg6 Kh8 41.d6 
cxd6 42.Nd5 Qxc4+ 43.Bb3 Qe4 44.Nxe7 Qxf3 45.Qf7 Qg2 46.Be6 h5 47.Nf5 b6 
48.Nxd6 Kh7 49.Bf5+ Kh8 50.Qe6 Qd5+ 51.Qxd5 Nxd5 52.Be4 Nc7 53.a4 Bd4 54.
Nc8 c4 55.Nd6 c3 56.bxc3 Bxc3 57.Kb3 Be1 58.Kc4 Kg7 59.Kd3 Kf6 60.Nc4 Bf2 
61.Bc6 Ke6 62.Ke4 Bc5 63.Kf4 Kf6 64.Bf3 Ne6+ 65.Ke4 h4 66.Kd5 h3 67.Bh1 
Nf4+ 68.Kc6 Kg5 69.Nxb6 Bb4 70.Nd5 Nxd5 1/2-1/2

[Event "68th POL-ch (w)"]
[Site "Poznan POL"]
[Date "2016.04.06"]
[Round "8"]
[White "Kiolbasa, Oliwia"]
[Black "Majdan-Gajewska, Joanna"]
[Result "0-1"]
[WhiteElo "2348"]
[BlackElo "2380"]
[EventDate "2016.03.30"]
[PlyCount "90"]
[EventType "tourn"]
[EventRounds "9"]
[EventCountry "POL"]
[EventCategory "4"]
[SourceTitle "CBM 171 Extra"]
[Source "ChessBase"]
[SourceDate "2016.04.26"]
[SourceVersion "1"]
[SourceVersionDate "2016.04.26"]
[SourceQuality "1"]

1.e4 d6 2.d4 g6 3.Nc3 Bg7 4.f4 a6 5.a4 c5 6.dxc5 Bxc3+ 7.bxc3 dxc5 8.Bd3 
Nf6 9.Qe2 Nc6 10.Nf3 Na5 11.c4 Bg4 12.Rb1 Nc6 13.c3 Qa5 14.O-O Rd8 15.Qc2 
Bc8 16.Ba3 O-O 17.Nd2 Nd7 18.Nb3 Qxa4 19.Bc1 Na5 20.Nxa5 Qxa5 21.e5 Qc7 
22.Be3 Kg7 23.Bf2 f5 24.Bh4 Nb8 25.Qe2 Be6 26.Rb2 Rd7 27.Rfb1 Nc6 28.Qf3 
Na5 29.Rb6 Rxd3 30.Qxd3 Bxc4 31.Qh3 Bb5 32.R6xb5 axb5 33.Rxb5 Rd8 34.Rb1 
c4 35.Qe3 Nb3 36.Qe2 Rd2 37.Qe1 Qc6 38.Bf2 Qd5 39.e6 b5 40.Kh1 Qe4 41.Qxe4
fxe4 42.Bh4 b4 43.cxb4 c3 44.Be1 c2 45.Rc1 Rd1 0-1